00462 2200181 4500001002100000005001500021008004100036020002200077035001900099041000700118082001000125090001600135100002200151245002300173260002200196300003400218650002800252INLIS00000000000322020241224112701241224||||||||| | ||| |||| || |  a978-602-8337-88-5 0010-1224003220 aid0 a925.3 a925.3 RAK t0 aRakhmat Margajaya00aTokoh-Tokoh Fisika bArfino Rayac2009 aviii, 64 hlm. : ilus. ; 21 cm 0aIlmu Sejarah & Biografi